Wymień 4... #2 - Statystyki

Ogólne statystyki
  • Ten quiz został rozwiązany 363 razy
  • Średni wynik to 9 z 20
Statystyki odpowiedzi
Kraje % Poprawnych
Watykan
97%
Watykan
97%
Berlin
91%
Monachium
79%
Monako
79%
Hamburg
66%
Nauru
46%
Nauru
46%
Kolonia
42%
Tuvalu
39%
Tuvalu
39%
Palau
35%
Alaska
34%
Rhode Island
34%
New Jersey
21%
Connecticut
18%
Delaware
18%
Vermont
18%
Dakota Północna
15%
Wyoming
12%
Nie znaleziono quizów pasujących do podanych kryteriów
Rozkład punktacji
Procent ludzi z każdym wynikiem
Percentyl według liczby udzielonych odpowiedzi
Twoja historia wyników
Nie rozwiązałeś tego quizu